| 000 | 00566nam a2200205Ia 4500 | ||
|---|---|---|---|
| 005 | 20250923145152.0 | ||
| 008 | 008 250917s9999 xx 000 0 eng d | ||
| 037 | _aTextual | ||
| 040 |
_aDSWL _beng _cDSWL |
||
| 041 |
_aeng _2eng |
||
| 084 | _qDSWL | ||
| 100 |
_aBreese, Gerald _9832469 |
||
| 245 | 0 |
_aUrbanization in Newly Developing Countries _cby Gerald Breese |
|
| 260 |
_aNew Delhi _b Pretice Hall of India Pvt. Ltd. _c1969 |
||
| 300 | _ax,337p. | ||
| 365 |
_aINR _b4.00 |
||
| 925 | _g4.00 | ||
| 942 | _cTEXL | ||
| 999 |
_c1447991 _d1447991 |
||